| 000 | 00502nam a2200193Ia 4500 | ||
|---|---|---|---|
| 008 | 151119s9999||||xx |||||||||||||| ||und|| | ||
| 082 | _a891.46306 | ||
| 082 | _bGKKV27163 | ||
| 100 | _aखटावकर सुरेश | ||
| 245 | _aदेवराई | ||
| 260 | _a-- | ||
| 260 | _b-- | ||
| 260 | _c2006 | ||
| 600 | _aखटावकर सुरेश | ||
| 630 | _aदेवराई | ||
| 700 | _aखटावकर सुरेश | ||
| 730 | _aदेवराई | ||
| 942 | _cBOOK | ||
| 999 |
_c1079610 _d1079607 |
||